000 00506nam a2200145 a 4500
008 120416s0000 ||||||||||||||||| || u
020 _a014003594X
050 _aPR 9110.U8O8
100 _aKubin, Alfred
245 1 4 _aThe other side
_ctranslated from the German by Denver Lindley
260 _aHarmondsworth
_bPenguin
_c1967
300 _a304p. : ill.
350 _a0.00
995 _D0.00
_FCBU-MAIN LIBRARY (Kitwe)
_H1
_I3.95
_M1
_UAVAILABLE
_ZFiction Collection
999 _c52967
_d52967